Métodos informáticos en Turbo Pascal /

Contenido: Fundamentos; Estructura de un programa; Datos; Expresiones y operadores; Sentencias; Procedimientos y funciones; Archivos; Unidades; Punteros y variables dinámicas; Listas; Arboles; Arboles AVL; La unidad graph; La unidad DOS; Programación orientada a objetos; El entorno de la programació...

Descrizione completa

Salvato in:
Dettagli Bibliografici
Autore principale: García y Beltrán, Angel (autor)
Altri autori: Jaén Gallego, José Alberto (autor) (autor), Martínez Fernández, Raquel (autor) (autor)
Natura: Libro
Lingua:spagnolo
Pubblicazione: Madrid, España : Bellisco, 2002, c2002
Edizione:2a edición
Serie:(Biblioteca Técnica Universitaria. Informática ; 2)
Soggetti:
Tags: Aggiungi Tag
Nessun Tag, puoi essere il primo ad aggiungerne!!

MARC

LEADER 00000nam^a2200000^a^4500
001 000156353
005 20250521000000.0
009 20260310100501.074
020 |a 84-95279-60-6 
037 |a Acervo ITESO - Biblioteca 
041 |a ESP 
082 |a 005. 133  |b GAR 
100 |a García y Beltrán, Angel  |e (autor) 
245 1 0 |a Métodos informáticos en Turbo Pascal /  |c A. García y Beltrán, J.A. Jaén Gallego, R. Martínez Fernández. 
250 |a 2a edición  |b revisada y aumentada 
264 4 |a Madrid, España :  |b Bellisco,  |c 2002, c2002 
300 |a IX, 376 p. 
336 |a texto  |b txt  |2 rdacontenido 
337 |a sin mediación  |b n  |2 rdamedio 
338 |a volumen  |b nc  |2 rdasoporte 
440 1 |a (Biblioteca Técnica Universitaria.  |p Informática ;  |v 2) 
520 |a Contenido: Fundamentos; Estructura de un programa; Datos; Expresiones y operadores; Sentencias; Procedimientos y funciones; Archivos; Unidades; Punteros y variables dinámicas; Listas; Arboles; Arboles AVL; La unidad graph; La unidad DOS; Programación orientada a objetos; El entorno de la programación. 
649 |a XX 
650 |a Lenguajes de Programación 
650 |a Sistemas Operativos 
650 |a Estructura de Datos 
650 |a Bases de Datos -  |x Administración 
650 |a Algoritmos 
650 |a Programación Orientada a Objetos 
650 |a Programación Estructurada (Software) 
650 |a Programación (Software) 
650 |a Desarrollo de Sistemas 
650 |a Ingeniería Computacional 
700 |a Jaén Gallego, José Alberto  |e (autor) 
700 |a Martínez Fernández, Raquel  |e (autor) 
910 |a Fondo General 
920 |a Impresos - Libros 
930 |a Colección General 
905 |a 101 
901 |a 0500083842  |b IT1  |c ACC  |u 20250521 
902 |a https://opac.biblio.iteso.mx/vufind/Record/000156353